|
|
|
|
| LEADER |
00000nab a2200000 a 4500 |
| 001 |
vtls008934314 |
| 003 |
SK-MaSNL |
| 005 |
20260303070606.0 |
| 008 |
060209 1977 xo | 000 0 slo |
| 015 |
|
|
|a SNBRB1977
|
| 040 |
|
|
|a SNKBUCL
|b slo
|c SNKBUCL
|e AACR2
|
| 041 |
0 |
|
|a slo
|
| 044 |
|
|
|a xo
|c SK
|
| 080 |
|
|
|a 821.162.4-3
|2 2001
|
| 245 |
0 |
0 |
|a Pokus o dvojdomosť
|b [Rudolf Čižmárik "Rozhovor so Svetlanou", próza]
|c [Autor.] J. ŠP
|
| 650 |
0 |
7 |
|a slovenská próza
|2 snkbucl
|9 1206
|
| 655 |
|
7 |
|a recenzie
|2 snkbucl
|9 21907
|
| 773 |
0 |
|
|t Matičné čítanie
|g Roč. 10, č. 4 (1977), s. 4
|
| 787 |
0 |
8 |
|i Rec.:
|a Čižmárik, Rudolf, 1949-
|t Rozhovor so Svetlanou
|d Bratislava : Smena, 1976
|
| 958 |
|
|
|a RC
|
| 958 |
|
|
|a LX
|
| 999 |
|
|
|c 1756042
|d 1757972
|